UM Logo
Normal view MARC view
  • Heaney, Seamus, -- 1939- Longley, Michael, -- 1939- McGuckian, Medbh, -- 1950- Montague, John.

Entry Topical Term

Number of records used in: 1

001 - CONTROL NUMBER

  • control field: 37550

003 - CONTROL NUMBER IDENTIFIER

  • control field: OSt

005 - DATE AND TIME OF LATEST TRANSACTION

  • control field: 20190312111344.0

008 - FIXED-LENGTH DATA ELEMENTS

  • fixed length control field: 190312|| aca||aabn | a|a d

040 ## - CATALOGING SOURCE

  • Original cataloging agency: OSt
  • Transcribing agency: OSt

150 ## - HEADING--TOPICAL TERM

  • Topical term or geographic name entry element: Heaney, Seamus, -- 1939- Longley, Michael, -- 1939- McGuckian, Medbh, -- 1950- Montague, John.

670 ## - SOURCE DATA FOUND

  • Source citation: Work cat.: (OSt): Potts, Donna L. 37547, Contemporary Irish Poetry and the Pastoral Tradition /, ©2014.